| 000 | 00451nam a2200181Ia 4500 | ||
|---|---|---|---|
| 001 | 12704 | ||
| 005 | 20260306163001.0 | ||
| 008 | 260306t2019||||xx |||||||||||||| ||spa|| | ||
| 041 | _aESP | ||
| 082 |
_aHR 720 _bJUL 2019 DEARQ |
||
| 110 | _aUniversidad de los Andes. Colombia | ||
| 245 | 0 |
_aDearq : _brevista de arquitectura |
|
| 260 | _c2019 | ||
| 300 |
_a207 páginas : _c24 cm. |
||
| 650 | _aGEN | ||
| 654 | _aCAU | ||
| 942 |
_cREV _dJUS _fJUS _2ddc _n |
||
| 999 |
_c12704 _d12704 |
||